JEDZENIE TYPOWE DLA KUCHNI AMERYKAŃSKIEJ: - Statystyki

Ogólne statystyki
  • Ten quiz został rozwiązany 170 razy
  • Średni wynik to 3 z 5
Statystyki odpowiedzi
Odpowiedź % Poprawnych
HAMBURGER
93%
FRYTKI
75%
HOT DOG
62%
DONUT
20%
STEK
19%
Nie znaleziono quizów pasujących do podanych kryteriów
Rozkład punktacji
Procent ludzi z każdym wynikiem
Percentyl według liczby udzielonych odpowiedzi
Twoja historia wyników
Nie rozwiązałeś tego quizu